Zákon č. 377/2004 Z.z. o ochrane nefajčiarov a o zmene a doplnení niektorých zákonov
Pôvodný zákon z roku 1997 nevyhovoval právnym predpisom EÚ, v júli 2004 preto vstúpil do platnosti nový zákon o ochrane nefajčiarov.. Znenie zákona s komentárom.
Gespeichert in:
| 1. Verfasser: | |
|---|---|
| Format: | Buchkapitel |
| Sprache: | Slowakisch |
| Schlagworte: | |
| Tags: |
Keine Tags, Fügen Sie das erste Tag hinzu!
|
MARC
| LEADER | 00000naa$a2200000$$$4500 | ||
|---|---|---|---|
| 001 | 0017760 | ||
| 005 | 20230919094105.9 | ||
| 041 | 0 | |a slo | |
| 044 | |a SK | ||
| 245 | 1 | 0 | |a Zákon č. 377/2004 Z.z. o ochrane nefajčiarov a o zmene a doplnení niektorých zákonov |c aut. Eva Kováčiková |
| 520 | |a Pôvodný zákon z roku 1997 nevyhovoval právnym predpisom EÚ, v júli 2004 preto vstúpil do platnosti nový zákon o ochrane nefajčiarov.. Znenie zákona s komentárom. | ||
| 610 | 2 | 0 | |a zákony |
| 610 | 2 | 0 | |a komentáre |
| 610 | 2 | 0 | |a ochrana zdravia |
| 610 | 2 | 0 | |a výrobky tabakové |
| 610 | 2 | 0 | |a Slovensko |
| 610 | 2 | 0 | |a 2004 |
| 100 | 1 | |a Kováčiková, Eva | |